| 000 | 00000nas 2200000za 4500 |
| 001 | 9.832993 |
| 003 | CaOODSP |
| 005 | 20221107150121 |
| 007 | cr ||||||||||| |
| 008 | 170224d19831984oncar p oss f0###b0fre|d |
| 022 | |y0833-2002 |
| 040 | |aCaOODSP|bfre |
| 041 | |aeng|afre |
| 043 | |an-cn--- |
| 086 | 1 |aCS43-209-PDF |
| 245 | 00|aCommunications and energy wire and cable industry |h[ressource électronique] / |cStatistics Canada, Industry Division, Census of Manufactures Section = Industrie des fils et câbles électrique [sic] et de communication / Statistique Canada, Division de l'industrie, Section du recensement des manufactures. |
| 246 | 11|aIndustrie des fils et câbles électrique [sic] et de communication |
| 246 | 13|aIndustrie des fils et câbles électriques et de communication |
| 260 | |aOttawa : |bStatistics Canada = Statistique Canada, |c1985-1986. |
| 310 | |aAnnuel |
| 362 | 0 |a1983-1984. |
| 490 | 0 |aAnnual census of manufactures = Recensement annuel des manufactures |
| 500 | |aÉdition numérisée de l’imprimé [par Statistique Canada]. |
| 546 | |aTexte en anglais et en français. |
| 580 | |aFusionné avec: Communications and other electronic equipment industries; Electrical industrial equipment industries; Appliances, radio and television manufacturers, et, Miscellaneous electrical industries, et devient: Electrical and electronic products industries. |
| 692 | 07|2gccst|aIndustrie de la fabrication |
| 692 | 07|2gccst|aStatistique |
| 710 | 1 |aCanada. |bStatistique Canada. |bSection du recensement des manufactures. |
| 780 | 00|tManufacturers of electric wire and cable |w(CaOODSP)9.832988 |
| 785 | 00|tElectrical and electronic products industries |w(CaOODSP)9.833031 |
| 791 | |tCommunications and energy wire and cable industry |eeng|w(CaOODSP)9.832990 |